Primary Psychic Type Pokémon - Statistics

General Stats
  • This quiz has been taken 29 times
  • The average score is 29 of 35
Answer Stats
Region Number Secondary Type Answer % Correct
0282 Fairy Gardevoir
89%
0281 Fairy Kirlia
89%
0249 Flying Lugia
89%
0282 Fairy Mega Gardevoir
89%
Sinnoh 0439 Fairy Mime Jr.
89%
0122 Fairy Mr. Mime
89%
Hoenn 0280 Fairy Ralts
89%
0144 Flying Articuno (Galarian Form)
84%
0251 Grass Celebi
84%
0475 Fighting Gallade
84%
0475 Fighting Mega Gallade
84%
0150 Fighting Mega Mewtwo X
84%
Johto 0177 Flying Natu
84%
0528 Flying Swoobat
84%
Unova 0494 Fire Victini
84%
0527 Flying Woobat
84%
0178 Flying Xatu
84%
0898 Grass Calyrex
79%
0800 Ghost Dawn Wings Necrozma
79%
0800 Steel Dusk Mane Necrozma
79%
0858 Fairy Gigantamax Hatterene
79%
Galar 0858 Fairy Hatterene
79%
Kalos 0720 Ghost Hoopa (Confined)
79%
0720 Dark Hoopa (Unbound)
79%
0898 Ice Ice Rider Calyrex
79%
0876 Normal Indeedee
79%
Alola 0741 Flying Oricorio (Pa'u Style)
79%
0898 Ghost Shadow Rider Calyrex
79%
0561 Flying Sigilyph
79%
0791 Steel Solgaleo
79%
0786 Fairy Tapu Lele
79%
0800 Dragon Ultra Necrozma
79%
0628 Flying Braviary (Hisuian Form)
74%
0792 Ghost Lunala
74%
Kanto 0078 Fairy Rapidash (Galarian Form)
68%
No matching quizzes found
Score Distribution
Percent of People with Each Score
Percentile by Number Answered
Your Score History
You have not taken this quiz